| 000 | 02031 a2200277 4500 | ||
|---|---|---|---|
| 999 |
_c11213 _d11213 |
||
| 020 | _a9780323066617 (hc : alk. paper) | ||
| 050 | 0 | 0 |
_aRG951 _bLOW 2010 |
| 245 | 0 | 0 |
_aMaternity nursing / _c[edited by] Deitra Leonard Lowdermilk, Shannon E. Perry, Kitty Cashion ; associate editor, Kathryn Rhodes Alden. |
| 250 | _aeighth edition | ||
| 264 |
_aMaryland Heights: _bElsevier, _c2010 |
||
| 300 |
_axxi, 861 pages _bcoloured illustrations |
||
| 336 |
_2rdacontent _atext _btxt |
||
| 337 |
_2rdamedia _aunmediated _bn |
||
| 338 |
_2rdacarrier _avolume _bnc |
||
| 504 | _aIncludes bibliographical references and index. | ||
| 505 | 0 | _a21st century maternity nursing : culturally competent, family and community focused -- Assessment and health promotion -- Common concerns -- Contraception, abortion, and infertility -- Genetics, conception, and fetal development -- Anatomy and physiology of pregnancy -- Nursing care of the family during pregnancy -- Maternal and fetal nutrition -- Labor and birth processes -- Management of discomfort -- Fetal assessment during labor -- Nursing care of the family during labor and birth -- Maternal physiologic changes -- Nursing care of the family during the fourth trimester -- Transition to parenthood -- Physiologic and behavioral adaptations of the newborn -- Assessment and care of the newborn and family -- Newborn nutrition and feeding -- Assessment of high risk pregnancy -- Pregnancy at risk : preexisting conditions -- Pregnancy at risk : gestational conditions -- Labor and birth at risk -- Postpartum complications -- The newborn at risk. | |
| 650 | 0 | _aMaternity nursing. | |
| 650 | 0 | _aPediatric nursing. | |
| 650 | 1 | 2 |
_aMaternal-Child Nursing _xmethods. |
| 650 | 2 | 2 |
_aObstetrical Nursing _xmethods. |
| 700 | 1 |
_aLowdermilk, Deitra Leonard. _eeditor |
|
| 700 | 1 |
_aPerry, Shannon E. _eeditor |
|
| 700 | 1 |
_aCashion, Kitty. _eeditor |
|
| 942 |
_2lcc _cBK _eeighth edition _h951 _iMAT _kRG |
||